Statistics for Former "Country" Flags #3-Central Maghreb

Click here to take the quiz!

General Stats

  • This quiz has been taken 15 times
  • The average score is 4 of 8

Answer Stats

Answer% Correct
Hafsid Dynasty
71%
Kingdom of Tlemcen
71%
Regency of Algiers
57%
Emirate of Abdelkader
43%
Zirid Dynasty
43%
Kingdom of Beni Abbas
29%
Kingdom of Kuku
29%
Sultanate of Tuggurt
29%

Score Distribution

Percentile by Number Answered

Percent of People with Each Score

Your Score History

You have not taken this quiz